Born again city (Record no. 67345)

MARC details
000 -LEADER
fixed length control field 00696cam a2200205 4500
001 - CONTROL NUMBER
control field X113122
008 - FIXED-LENGTH DATA ELEMENTS--GENERAL INFORMATION
fixed length control field 000000n2001 000 0 eng u
035 ## - SYSTEM CONTROL NUMBER
System control number (Sirsi) u113122
245 ## - TITLE STATEMENT
Title Born again city
260 ## - PUBLICATION, DISTRIBUTION, ETC.
Place of publication, distribution, etc. c2001
490 ## - SERIES STATEMENT
Series statement Management Today
Volume/sequential designation June 2001, 58-65(5)
520 ## - SUMMARY, ETC.
Summary, etc. Outlines the history of the Canary Wharf project, including the reasons behind the 1992 collapse of the original developers Olympia & York and its subsequent rebirth.
650 ## - SUBJECT ADDED ENTRY--TOPICAL TERM
Topical term or geographic name entry element CANARY WHARF
650 ## - SUBJECT ADDED ENTRY--TOPICAL TERM
Topical term or geographic name entry element DOCKLANDS
650 ## - SUBJECT ADDED ENTRY--TOPICAL TERM
Topical term or geographic name entry element LONDON DOCKLANDS
650 ## - SUBJECT ADDED ENTRY--TOPICAL TERM
Topical term or geographic name entry element LONDON DOCKLANDS DEVELOPMENT CORPORATION
650 ## - SUBJECT ADDED ENTRY--TOPICAL TERM
Topical term or geographic name entry element PROPERTY DEVELOPMENT
690 ## - LOCAL SUBJECT ADDED ENTRY--TOPICAL TERM (OCLC, RLIN)
Topical term or geographic name as entry element PROPERTY-COMMERCIAL PROPERTY
942 ## - ADDED ENTRY ELEMENTS (KOHA)
Suppress in OPAC 0
Holdings
Withdrawn status Lost status Source of classification or shelving scheme Damaged status Not for loan Home library Current library Shelving location Date acquired Total Checkouts Full call number Barcode Date last seen Copy number Price effective from Koha item type
    Dewey Decimal Classification     London London Journal article 18/06/2001   X113122 113122-1001 06/08/2019 1 06/08/2019 Journal article